000 00545nam a22002057a 4500
003 OSt
005 20180315141616.0
008 160621b xxu||||| |||| 00| 0 eng d
020 _a0750628731
040 _cDNLM.
082 _aQT260N775s 1998.
100 _aNorris, N. Christopher;
_99492
245 _aSports Injuries.
_bdiagnosis and management.
250 _a2nd ed.
260 _aOxford;
_bButterworth Heinemann,
_c1998.
300 _a498p;
_bill;
_c25cm.
504 _aincludes index.
650 _aPhysiology.
_9215
942 _2z
_cO_SHELF
999 _c4416
_d4416